000 00553nam a2200193 i 4500
001 47417
003 ES-MaACL
005 20230906161547.0
007 t|
008 030424s1959 sp |||| | spa d
080 _a159.947
100 1 _aBattista, O. A.
_926483
245 1 0 _aVivir mejor /
_cpor O.A. Battista ; [traducción de José María Claramunda Bes].
260 _aBarcelona :
_bBruguera,
_c[1959]
300 _a270 p. ;
_c21 cm.
650 1 4 _aÉxito.
_912681
700 1 _aClaramunda Bes, José María.
_938998
852 _aES-MaACL
_jC-16633
999 _c47417
_d47417